000 00668nam a22002177a 4500
003 UA-OsUOA
001 59218
007 ta
008 20090313b un ||||| |||| 00| 0 ukr d
100 _aНедашківська Т.
090 _a355
_bН42
942 _cSA
040 _aUA-OsUOA
_bukr
_cUA-OsUOA
_dUA-OsUOA
245 _aОсобистість у професійній концептосистемі державних службовців
300 _aС.15-24
955 _a0
041 _aukr
080 _a355
773 0 _w59215
650 7 _a35 Державно-адміністративне управління. Військова справа
_2UDC
999 _c345302
_d345302